Państwa z największą liczbą gatunków ptaków - Statystyki

Ogólne statystyki
  • Ten quiz został rozwiązany 1 839 razy
  • Średni wynik to 15 z 20
Statystyki odpowiedzi
# gatunków Państwo % Poprawnych
1864 Brazylia
97%
1036 Stany Zjednoczone
97%
1330 Chiny
94%
1041 Argentyna
90%
1271 Indie
89%
1137 Meksyk
89%
1917 Kolumbia
88%
1892 Peru
87%
1420 Wenezuela
85%
1791 Indonezja
83%
1446 Boliwia
78%
1155 Demokratyczna Republika Konga
78%
1684 Ekwador
76%
987 Tajlandia
69%
1127 Kenia
67%
1103 Tanzania
63%
981 Panama
61%
956 Angola
50%
1090 Mjanma
46%
1036 Uganda
45%
Nie znaleziono quizów pasujących do podanych kryteriów
Rozkład punktacji
Procent ludzi z każdym wynikiem
Percentyl według liczby udzielonych odpowiedzi
Twoja historia wyników
Nie rozwiązałeś tego quizu